Welcome to the Holygrace Academy Library

Please use search bar below to get started

FREEDOM FIGHTERS (Record no. 6389)

MARC details
000 -LEADER
fixed length control field 00305nam a22001337a 4500
082 ## - DEWEY DECIMAL CLASSIFICATION NUMBER
Classification number 920
Item number RAM/F
100 ## - MAIN ENTRY--AUTHOR NAME
Personal name RAMACHANDRAN,MANJU
245 ## - TITLE STATEMENT
Title FREEDOM FIGHTERS
250 ## - EDITION STATEMENT
Edition statement FIRST
260 ## - PUBLICATION, DISTRIBUTION, ETC. (IMPRINT)
Place of publication THRISSUR
Name of publisher H& C PUBLISHING HOUSE
Year of publication 2007
300 ## - PHYSICAL DESCRIPTION
Number of Pages 48
650 ## - SUBJECT ADDED ENTRY--TOPICAL TERM
Topical Term FREEDOM FIGHTERS
Geographic subdivision THRISSUR
942 ## - ADDED ENTRY ELEMENTS (KOHA)
Koha item type Books
Holdings
Withdrawn status Lost status Collection code Home library Current library Shelving location Date acquired Source of acquisition Full call number Accession Number Koha item type
    Reference Main Library Main Library SHELF-17-L-BIOGRAPHIES & AUTOBIOGRAPHIES 18/05/2017 PURCHASE 920 RAM/F 07850 Books